Statistics for Wonky Word Clicking - B

Click here to take the quiz!

General Stats

  • This quiz has been taken 620 times
    (441 since last reset)
  • The average score is 11 of 15

Answer Stats

HintAnswer% Correct
Bombastic
91%
Bamboozle
90%
Bungalow
88%
Buckaroo
85%
Balderdash
84%
Bumpkin
82%
Bugaboo
78%
Blunderbus
77%
Ballyhoo
73%
Bandersnatch
71%
Bulwark
70%
Brouhaha
65%
Boondoggle
62%
Brobdingnagian
51%
Bumfuzzle
43%

Score Distribution

Percentile by Number Answered

Percent of People with Each Score

Your Score History

You have not taken this quiz since the last reset